| 000 | 01088nam1a22003251 4500 | ||
|---|---|---|---|
| 001 | v19\rc\1952679 | ||
| 005 | 20251118180927.9 | ||
| 035 | _a(NLR Aleph) 005037389 | ||
| 090 |
_a6756331 _c6756331 |
||
| 100 | _a20251123 rusy50 | ||
| 101 | 0 | _arus | |
| 102 | _aRU | ||
| 105 | _a z ||||| | ||
| 200 | 1 |
_aМинерва _eСб. изд. при Ист.-филол. семинарии Высш. жен. курсов в Киеве. Вып. 1- |
|
| 210 |
_aКиев _cтип. М.Т. Мейнандера _d1913-1917 |
||
| 215 | _d22-23 | ||
| 300 | _aНа тит. л. и обл. загл.: Minerva | ||
| 517 | 0 | _aMinerva | |
| 712 | 0 | 2 |
_aКиевские высшие женские курсы _bИсторико-филологический семинар |
| 801 | 0 |
_aRU _bNLR _gpsbo |
|
| 801 | 0 |
_aRU _bRuMoRGB _2psbo |
|
| 801 | 1 |
_aRU _bProSoft-M _2rusmarc |
|
| 852 |
_aNLR _j37.43.2.66 |
||
| 852 |
_aNLR _j+Шифры разные |
||
| 899 |
_aRuMoRGB _jF 66/378 |
||
| 899 |
_aRuMoRGB _jT 55/103 |
||
| 899 | _aБАН | ||
| 899 |
_aНБ МГУ _y(1) |
||
| 942 | _cBOOK | ||
| 980 | _aNB | ||